Principles of Chemical Engineering / (Record no. 68593)
[ view plain ]
| 000 -LEADER | |
|---|---|
| fixed length control field | 01115nam a2200301 a 4500 |
| 001 - CONTROL NUMBER | |
| control field | 68593 |
| 003 - CONTROL NUMBER IDENTIFIER | |
| rucl marc code | BD-RjUL |
| 005 - DATE AND TIME OF LATEST TRANSACTION | |
| control field | 20211209081805.0 |
| 008 - FIXED-LENGTH DATA ELEMENTS--GENERAL INFORMATION | |
| fixed length control field | 170403s1937 nyua b 001 0 eng d |
| 035 ## - SYSTEM CONTROL NUMBER | |
| System control number | (BD-RjUL)68803 |
| 040 ## - CATALOGING SOURCE | |
| Original cataloging agency | DLC |
| Transcribing agency | KSU |
| Modifying agency | SER |
| -- | RQB |
| -- | IAY |
| -- | EQO |
| -- | BD-RjUL |
| Language of cataloging | eng |
| 041 ## - LANGUAGE CODE | |
| Language code of text/sound track or separate title | eng |
| 082 ## - DEWEY DECIMAL CLASSIFICATION NUMBER | |
| Classification number | 660 |
| Edition number | 23 |
| Author mark and year | PRI 1937 |
| 245 10 - TITLE STATEMENT | |
| Title | Principles of Chemical Engineering / |
| Statement of responsibility, etc. | by William H. Walker, Warren K. Lewis, William H. McAdams and Edwin R. Gilliland ... |
| 250 ## - EDITION STATEMENT | |
| Edition statement | 3d ed., rev. and rewritten. |
| 260 ## - PUBLICATION, DISTRIBUTION, ETC. (IMPRINT) | |
| Place of publication, distribution, etc. | New York ; |
| -- | London : |
| Name of publisher, distributor, etc. | McGraw-Hill Book Company, inc., |
| Date of publication, distribution, etc. | 1937. |
| 300 ## - PHYSICAL DESCRIPTION | |
| Pagination | xi, 749 p. : |
| Illustrations | ill. ; |
| Size | 24 cm. |
| 490 1# - SERIES STATEMENT | |
| Series statement | Chemical engineering series |
| 504 ## - BIBLIOGRAPHY, ETC. NOTE | |
| Bibliography, etc | "References" at end of most of the chapters and Indexes |
| 650 #0 - SUBJECT ADDED ENTRY--TOPICAL TERM | |
| Topical term or geographic name as entry element | Chemical engineering. |
| 9 (RLIN) | 203317 |
| 700 1# - ADDED ENTRY--PERSONAL NAME | |
| Personal name | Walker William H. |
| Personal name | Lewis, Warren Kendall, |
| Personal name | McAdams, William H. |
| Fuller form of name | (William Henry), |
| Dates associated with a name | 1892- |
| Personal name | Gilliland, Edwin Richard, |
| Dates associated with a name | 1909-1973 |
| 830 #0 - SERIES ADDED ENTRY--UNIFORM TITLE | |
| Uniform title | chemical engineering series. |
| 942 ## - ADDED ENTRY ELEMENTS (KOHA) | |
| Source of classification or shelving scheme | Dewey Decimal Classification |
| Koha item type | Books |
| Lost status | Source of classification or shelving scheme | Damaged status | Not for loan | Collection code | Permanent Location | Current Location | Shelving location | Date acquired | Source of acquisition | Cost, normal purchase price | Total Checkouts | Full call number | Date last seen | Copy number | Koha item type |
|---|---|---|---|---|---|---|---|---|---|---|---|---|---|---|---|
| Dewey Decimal Classification | Not For Loan | Non-fiction | Central Library, University of Rajshahi | Central Library, University of Rajshahi | Reading Room | 05/05/1964 | Zeitlinger | 85.60 | 660 PRI 1937 | 03/04/2017 | C-1 | Books |